000 00463nam a22001697a 4500
003 NUST - PNEC
005 20170116181047.0
008 150919b xxu||||| |||| 00| 0 eng d
020 _a0586081739
040 _cLIBRARY
082 _a600 VAN
100 _911438
_a Van Amerongen, C
245 _aHow things work : the universal encyclopedia of machines. Vol. 2
_c Van Amerongen, C
260 _c1992
650 _911442
_aTechnology
_xGeneral
942 _2ddc
_cBK
999 _c68270
_d68270